Exposición de la conciliación en materia civil ante las notarías como mecanismo de solución alternativa de conflictos y medida de descongestión judicial según la ley 2220 de 2022 en Colombia (Registro nro. 727)

Detalles MARC
000 -LEADER
fixed length control field 02592nmm a2200289 a 4500
003 - CONTROL NUMBER IDENTIFIER
control field CO-CtgCURN
005 - DATE AND TIME OF LATEST TRANSACTION
control field 20250721142256.0
008 - FIXED-LENGTH DATA ELEMENTS--GENERAL INFORMATION
fixed length control field 240624s2024 xx 000 0 und d
040 ## - CATALOGING SOURCE
Original cataloging agency CO-CtgCURN
Language of cataloging spa
Transcribing agency coctgcurn
082 ## - DEWEY DECIMAL CLASSIFICATION NUMBER
Classification number DER 2024
Item number G216
100 ## - MAIN ENTRY--PERSONAL NAME
Personal name García Niño , Karen
Relator term autora
9 (RLIN) 9966
245 #0 - TITLE STATEMENT
Title Exposición de la conciliación en materia civil ante las notarías como mecanismo de solución alternativa de conflictos y medida de descongestión judicial según la ley 2220 de 2022 en Colombia
Medium [electronic resource] /
Statement of responsibility, etc. Karen García Niño; Antonio Gómez Tovar; asesor., Jorge Mejía Turizo
260 ## - PUBLICATION, DISTRIBUTION, ETC.
Place of publication, distribution, etc. Barranquilla, Atlántico :
Name of publisher, distributor, etc. Corporación Universitaria Rafael Núñez,
Date of publication, distribution, etc. 2024
300 ## - PHYSICAL DESCRIPTION
Extent 1 recurso en línea (55 páginas (PDF)) :
Other physical details tablas, ilustraciones
502 ## - DISSERTATION NOTE
Dissertation note Trabajo de Grado (Abogado). Corporación Universitaria Rafael Núñez. Facultad de Ciencias Sociales y Humanas. Programa de Derecho, 2024
504 ## - BIBLIOGRAPHY, ETC. NOTE
Bibliography, etc. note Incluye referencias bibliográficas
520 ## - SUMMARY, ETC.
Summary, etc. La investigación cuyo objetivo general es "exponer la conciliación en materia civil ante las notarías como mecanismo de solución alternativa de conflictos y medida de descongestión judicial según la Ley 2220 de 2022 en Colombia" busca como tal conocer mediante la investigación cualitativa como mediante la Ley 2220 de 2022 los notarios pueden crear centros de conciliaciones y ayudar así con el proceso de la conciliación extrajudicial en derecho para mitigar los sobresaturación de procesos jurídicos que pueden culminar por la voluntad de las partes sin que se tenga que ir a los estrados judiciales, de igual forma los la ley le otorga a los notarios unas herramientas para que estas conciliaciones se lleven a cabo y en el cual en el cuerpo de la monografía se describirán cada una, también, se realizó el trabajo investigativo bajo el paradigma empírico analítico el cual tiene como finalidad obtener información a través de teorías, leyes, y sobre todo la práctica profesional a través de la experiencia.
521 ## - TARGET AUDIENCE NOTE
Target audience note AREA PROFESIONAL
590 ## - LOCAL NOTE (RLIN)
Local note Programa de Derecho_18
650 ## - SUBJECT ADDED ENTRY--TOPICAL TERM
Topical term or geographic name entry element Conciliación
9 (RLIN) 9967
650 ## - SUBJECT ADDED ENTRY--TOPICAL TERM
Topical term or geographic name entry element Derecho
Form subdivision Tesis y disertaciones académicas
9 (RLIN) 9968
700 ## - ADDED ENTRY--PERSONAL NAME
Personal name Gómez Tovar, Antonio
Relator term autor
9 (RLIN) 9969
700 ## - ADDED ENTRY--PERSONAL NAME
Personal name Mejía Turizo, Jorge
Relator term asesor
9 (RLIN) 9970
856 ## - ELECTRONIC LOCATION AND ACCESS
Uniform Resource Identifier <a href="https://unicurn.sharepoint.com/:b:/s/biblioteca/EeyAs2atAvBIjHxz_jA9xlAByu9zoO7ccwYJU7vcd5Euvw?e=LpGpqV">https://unicurn.sharepoint.com/:b:/s/biblioteca/EeyAs2atAvBIjHxz_jA9xlAByu9zoO7ccwYJU7vcd5Euvw?e=LpGpqV</a>
Link text Consulte aquí el texto completo
942 ## - ADDED ENTRY ELEMENTS (KOHA)
Koha item type Trabajos de grado
Classification part DER 2024
Item part G216
Source of classification or shelving scheme Dewey Decimal Classification
Suppress in OPAC No
Existencias
Withdrawn status Lost status Damaged status Not for loan Collection Home library Current library Shelving location Date acquired Inventory number Total checkouts Full call number Barcode Date last seen Copy number Price effective from Koha item type
        Trabajos de grado Miguel Henríquez Castañeda Barranquilla Miguel Henríquez Castañeda Barranquilla Trabajo de grado 06/24/2024 05378   DER 2024 G216 05378 06/24/2024 ej.1 06/24/2024 Trabajos de grado